000
00219 a2200109 4500
020
_a
8426350119
041
_a
spa
100
_a
Edelvives, Editorial
245
_a
Un Pequeǫ Que?
942
_c
BK
952
_7
1
_x
Infantil
999
_c
25828
_d
25828